| 000 | 00468nam a22001817a 4500 | ||
|---|---|---|---|
| 999 |
_c6312 _d6310 |
||
| 005 | 20210906151933.0 | ||
| 008 | 200520b xxu||||| |||| 00| 0 eng d | ||
| 020 | _a9788174733610 | ||
| 041 | _aeng | ||
| 082 | _a574.19 RAM | ||
| 100 |
_aRambabu, Dr. Kondreddy _95579 |
||
| 245 | _aTextbook of Biochemistry | ||
| 250 | _a2'nd | ||
| 260 |
_aDelhi _bWHO Monographs on Selected Medicinal Plant I _c2014 |
||
| 300 | _a770,xvii | ||
| 650 |
_aPharmacy _96899 |
||
| 942 | _cBK | ||